संस्कृत-नाटय-कोश (Record no. 122308)

MARC details
000 -LEADER
fixed length control field 01146nam a22002657a 4500
010 ## - LIBRARY OF CONGRESS CONTROL NUMBER
LC control number A-695795
020 ## - INTERNATIONAL STANDARD BOOK NUMBER
Terms of availability 400.00
035 ## - SYSTEM CONTROL NUMBER
System control number A-695795
037 ## - SOURCE OF ACQUISITION
Stock number Cen Lib / Ret
040 ## - CATALOGING SOURCE
Original cataloging agency DPL
Language of cataloging HN
082 ## - DEWEY DECIMAL CLASSIFICATION NUMBER
Classification number 812
Item number त्रिपाठी
100 ## - MAIN ENTRY--PERSONAL NAME
Personal name त्रिपाठी, रामसागर
245 ## - TITLE STATEMENT
Title संस्कृत-नाटय-कोश
Statement of responsibility, etc रामसागर त्रिपाठी
246 ## - VARYING FORM OF TITLE
Title proper/short title Sanskrit -natya-kosh /
Remainder of title by Ramsagar Tripathi
260 ## - PUBLICATION, DISTRIBUTION, ETC. (IMPRINT)
Place of publication, distribution, etc दिल्ली
Name of publisher, distributor, etc चौखम्बा संस्कृत प्रतिष्ठान
Date of publication, distribution, etc 1961
270 ## - ADDRESS
City दिल्ली
Address 38, यू.ए. ,जवाहर नगर बंगलो रोड
Postal code 110007
300 ## - PHYSICAL DESCRIPTION
Extent v 1. 613p.
Other physical details 22cm.
490 ## - SERIES STATEMENT
Series statement व्रजजीवन प्रच्यभारती ग्रंथमाला
Volume number/sequential designation 69
500 ## - GENERAL NOTE
General note v 1. नाट्य कोश
650 ## - SUBJECT ADDED ENTRY--TOPICAL TERM
Topical term or geographic name as entry element शब्दकोश
650 ## - SUBJECT ADDED ENTRY--TOPICAL TERM
Topical term or geographic name as entry element शब्दकोश--संस्कृत--नाटय
650 ## - SUBJECT ADDED ENTRY--TOPICAL TERM
Topical term or geographic name as entry element Dictionaries
650 ## - SUBJECT ADDED ENTRY--TOPICAL TERM
Topical term or geographic name as entry element Dictionaries--Sanskrit--paly
942 ## - ADDED ENTRY ELEMENTS (KOHA)
Source of classification or shelving scheme Dewey Decimal Classification
Koha item type Hindi Books
Classification part 812
Call number suffix त्रिपाठी
Holdings
Withdrawn status Lost status Materials specified (bound volume or other part) Damaged status Not for loan Collection code Home library Current library Date acquired Source of acquisition Cost, normal purchase price Total Checkouts Full call number Barcode Date last seen Cost, replacement price Price effective from Koha item type
    v.1   Not For Loan Reference Central Library Central Library 12/03/2016 Cen Lib/Ret 400.00   812 त्रिपाठी A-695795 12/03/2016 400.00 12/03/2016 Hindi Books

© Delhi Public Library
Hit Counter
free hit counter